|
|
|
|
| LEADER |
10433 a2200565 4500 |
| 001 |
45418 |
| 003 |
BD-DhAAL |
| 005 |
20260406120547.0 |
| 008 |
260301r20252023si a|||| b||| 001 0 eng d |
| 020 |
|
|
|a 9789357460835
|
| 020 |
|
|
|a 9781119820628
|
| 020 |
|
|
|a 9789357460842 (ebk)
|
| 020 |
|
|
|a 9781119820611
|
| 040 |
|
|
|a BD-DhAAL
|c BD-DhAAL
|
| 082 |
|
|
|a 530
|2 22
|
| 100 |
|
|
|a Walker, Jearl,
|d 1945-
|9 60322
|
| 245 |
1 |
0 |
|a Halliday & Resnick's principles of physics /
|c Jearl Walker.
|
| 246 |
|
|
|a Principles of physics.
|
| 250 |
|
|
|a Extended Twelfth edition, International adaptation.
|
| 260 |
|
|
|a Singapore ;
|a India :
|b John Wiley & Sons,
|c c2023 [Reprint 2025].
|
| 300 |
|
|
|a xxvi, 1370, [56] pages,
|a xxii, 1368 pages (various pagings) :
|b color illustrations ;
|c 28 cm
|
| 500 |
|
|
|a At head of title: Halliday & Resnick.
|
| 504 |
|
|
|a Includes index.
|
| 526 |
8 |
|
|a MNS
|x Muhammad Lutfor Rahman
Assistant Professor
Department of Mathematics and Natural Sciences
Course Name and No. :Principles of Physics I (PHY111), Principles of Physics II (PHY112)
|
| 541 |
1 |
|
|a Book paradise
|e 45418, 45419, 45420, 45421, 45422, 45458, 45459, 45460, 45461, 45462, 45463,45464, 45465, 45466, 45467, 45468, 45469, 45470, 45471, 45472
|
| 650 |
|
0 |
|a Physics
|x Textbooks.
|9 60334
|
| 650 |
|
0 |
|a Physics
|x Problems,exercises, etc.
|9 24267
|
| 852 |
1 |
|
|a Ayesha Abed Library
|c General stacks
|
| 942 |
|
|
|2 ddc
|c BK
|
| 999 |
|
|
|c 47736
|d 47736
|
| 952 |
|
|
|0 0
|1 0
|2 ddc
|4 0
|6 530_000000000000000_WAL
|7 0
|9 78817
|a BRACUL
|b BRACUL
|c CIR
|d 2026-02-26
|e Books Paradise
|g 10140.00
|l 0
|o 530 WAL
|p 3010045418
|r 2026-02-26
|t 1
|v 20280.00
|w 2026-02-26
|y 1HOUR
|x Requisitioned by Muhammad Lutfor Rahman (Assistant Professor, Department of Mathematics and Natural Sciences, BRAC University) for the course named- Principles of Physics I ‘’(PHY111)’’, Principles of Physics II ‘’(PHY112)’’; As instructed by the University Librarian, the book has been placed on a one-hour loan period following the receipt of five copies.
|
| 952 |
|
|
|0 0
|1 0
|2 ddc
|4 0
|6 530_000000000000000_WAL
|7 0
|9 78818
|a BRACUL
|b BRACUL
|c GEN
|d 2026-02-26
|e Books Paradise
|g 10140.00
|l 1
|m 8
|o 530 WAL
|p 3010045422
|q 2026-05-21
|r 2026-03-04
|s 2026-03-04
|t 5
|v 20280.00
|w 2026-02-26
|y BK
|x Requisitioned by Muhammad Lutfor Rahman (Assistant Professor, Department of Mathematics and Natural Sciences, BRAC University) for the course named- Principles of Physics I ‘’(PHY111)’’, Principles of Physics II ‘’(PHY112)’’
|
| 952 |
|
|
|0 0
|1 0
|2 ddc
|4 0
|6 530_000000000000000_WAL
|7 0
|9 78819
|a BRACUL
|b BRACUL
|c NEW
|d 2026-02-26
|e Books Paradise
|g 10140.00
|l 1
|m 8
|o 530 WAL
|p 3010045419
|r 2026-05-20
|s 2026-03-04
|t 2
|v 20280.00
|w 2026-02-26
|y BK
|x Requisitioned by Muhammad Lutfor Rahman (Assistant Professor, Department of Mathematics and Natural Sciences, BRAC University) for the course named- Principles of Physics I ‘’(PHY111)’’, Principles of Physics II ‘’(PHY112)’’
|
| 952 |
|
|
|0 0
|1 0
|2 ddc
|4 0
|6 530_000000000000000_WAL
|7 0
|9 78820
|a BRACUL
|b BRACUL
|c GEN
|d 2026-02-26
|e Books Paradise
|g 10140.00
|l 1
|m 10
|o 530 WAL
|p 3010045421
|r 2026-05-20
|s 2026-03-03
|t 4
|v 20280.00
|w 2026-02-26
|y BK
|x Requisitioned by Muhammad Lutfor Rahman (Assistant Professor, Department of Mathematics and Natural Sciences, BRAC University) for the course named- Principles of Physics I ‘’(PHY111)’’, Principles of Physics II ‘’(PHY112)’’
|
| 952 |
|
|
|0 0
|1 0
|2 ddc
|4 0
|6 530_000000000000000_WAL
|7 0
|9 78821
|a BRACUL
|b BRACUL
|c GEN
|d 2026-02-26
|e Books Paradise
|g 10140.00
|l 3
|m 3
|o 530 WAL
|p 3010045420
|q 2026-06-02
|r 2026-05-18
|s 2026-05-18
|t 3
|v 20280.00
|w 2026-02-26
|y BK
|x Requisitioned by Muhammad Lutfor Rahman (Assistant Professor, Department of Mathematics and Natural Sciences, BRAC University) for the course named- Principles of Physics I ‘’(PHY111)’’, Principles of Physics II ‘’(PHY112)’’
|
| 952 |
|
|
|0 0
|1 0
|2 ddc
|4 0
|6 530_000000000000000_WAL
|7 0
|9 78880
|a BRACUL
|b BRACUL
|c GEN
|d 2026-04-02
|e Books Paradise
|g 1730.00
|l 1
|o 530 WAL
|p 3010045469
|r 2026-04-25
|s 2026-04-18
|t 17
|v 3460.00
|w 2026-04-02
|y BK
|x Requisitioned by Muhammad Lutfor Rahman (Assistant Professor, Department of Mathematics and Natural Sciences, BRAC University) for the course named- Principles of Physics I ‘’(PHY111)’’, Principles of Physics II ‘’(PHY112)’’
|
| 952 |
|
|
|0 0
|1 0
|2 ddc
|4 0
|6 530_000000000000000_WAL
|7 0
|9 78881
|a BRACUL
|b BRACUL
|c GEN
|d 2026-04-02
|e Books Paradise
|g 1730.00
|l 0
|o 530 WAL
|p 3010045463
|r 2026-05-10
|t 11
|v 3460.00
|w 2026-04-02
|y BK
|x Requisitioned by Muhammad Lutfor Rahman (Assistant Professor, Department of Mathematics and Natural Sciences, BRAC University) for the course named- Principles of Physics I ‘’(PHY111)’’, Principles of Physics II ‘’(PHY112)’’
|
| 952 |
|
|
|0 0
|1 0
|2 ddc
|4 0
|6 530_000000000000000_WAL
|7 0
|9 78882
|a BRACUL
|b BRACUL
|c GEN
|d 2026-04-02
|e Books Paradise
|g 1730.00
|l 1
|m 1
|o 530 WAL
|p 3010045472
|r 2026-05-20
|s 2026-05-07
|t 20
|v 3460.00
|w 2026-04-02
|y BK
|x Requisitioned by Muhammad Lutfor Rahman (Assistant Professor, Department of Mathematics and Natural Sciences, BRAC University) for the course named- Principles of Physics I ‘’(PHY111)’’, Principles of Physics II ‘’(PHY112)’’
|
| 952 |
|
|
|0 0
|1 0
|2 ddc
|4 0
|6 530_000000000000000_WAL
|7 0
|9 78883
|a BRACUL
|b BRACUL
|c GEN
|d 2026-04-02
|e Books Paradise
|g 1730.00
|l 0
|o 530 WAL
|p 3010045460
|r 2026-04-02
|t 8
|v 3460.00
|w 2026-04-02
|y BK
|x Requisitioned by Muhammad Lutfor Rahman (Assistant Professor, Department of Mathematics and Natural Sciences, BRAC University) for the course named- Principles of Physics I ‘’(PHY111)’’, Principles of Physics II ‘’(PHY112)’’
|
| 952 |
|
|
|0 0
|1 0
|2 ddc
|4 0
|6 530_000000000000000_WAL
|7 0
|9 78884
|a BRACUL
|b BRACUL
|c GEN
|d 2026-04-02
|e Books Paradise
|g 1730.00
|l 0
|o 530 WAL
|p 3010045464
|r 2026-04-02
|t 12
|v 3460.00
|w 2026-04-02
|y BK
|x Requisitioned by Muhammad Lutfor Rahman (Assistant Professor, Department of Mathematics and Natural Sciences, BRAC University) for the course named- Principles of Physics I ‘’(PHY111)’’, Principles of Physics II ‘’(PHY112)’’
|
| 952 |
|
|
|0 0
|1 0
|2 ddc
|4 0
|6 530_000000000000000_WAL
|7 0
|9 78885
|a BRACUL
|b BRACUL
|c GEN
|d 2026-04-02
|e Books Paradise
|g 1730.00
|l 1
|o 530 WAL
|p 3010045470
|r 2026-04-30
|s 2026-04-29
|t 18
|v 3460.00
|w 2026-04-02
|y BK
|x Requisitioned by Muhammad Lutfor Rahman (Assistant Professor, Department of Mathematics and Natural Sciences, BRAC University) for the course named- Principles of Physics I ‘’(PHY111)’’, Principles of Physics II ‘’(PHY112)’’
|
| 952 |
|
|
|0 0
|1 0
|2 ddc
|4 0
|6 530_000000000000000_WAL
|7 0
|9 78886
|a BRACUL
|b BRACUL
|c GEN
|d 2026-04-02
|e Books Paradise
|g 1730.00
|l 1
|m 5
|o 530 WAL
|p 3010045466
|r 2026-05-20
|s 2026-04-12
|t 14
|v 3460.00
|w 2026-04-02
|y BK
|x Requisitioned by Muhammad Lutfor Rahman (Assistant Professor, Department of Mathematics and Natural Sciences, BRAC University) for the course named- Principles of Physics I ‘’(PHY111)’’, Principles of Physics II ‘’(PHY112)’’
|
| 952 |
|
|
|0 0
|1 0
|2 ddc
|4 0
|6 530_000000000000000_WAL
|7 0
|9 78887
|a BRACUL
|b BRACUL
|c GEN
|d 2026-04-02
|e Books Paradise
|g 1730.00
|l 0
|o 530 WAL
|p 3010045468
|r 2026-04-02
|t 16
|v 3460.00
|w 2026-04-02
|y BK
|x Requisitioned by Muhammad Lutfor Rahman (Assistant Professor, Department of Mathematics and Natural Sciences, BRAC University) for the course named- Principles of Physics I ‘’(PHY111)’’, Principles of Physics II ‘’(PHY112)’’
|
| 952 |
|
|
|0 0
|1 0
|2 ddc
|4 0
|6 530_000000000000000_WAL
|7 0
|9 78888
|a BRACUL
|b BRACUL
|c GEN
|d 2026-04-02
|e Books Paradise
|g 1730.00
|l 0
|o 530 WAL
|p 3010045467
|r 2026-04-02
|t 15
|v 3460.00
|w 2026-04-02
|y BK
|x Requisitioned by Muhammad Lutfor Rahman (Assistant Professor, Department of Mathematics and Natural Sciences, BRAC University) for the course named- Principles of Physics I ‘’(PHY111)’’, Principles of Physics II ‘’(PHY112)’’
|
| 952 |
|
|
|0 0
|1 0
|2 ddc
|4 0
|6 530_000000000000000_WAL
|7 0
|9 78889
|a BRACUL
|b BRACUL
|c GEN
|d 2026-04-02
|e Books Paradise
|g 1730.00
|l 0
|o 530 WAL
|p 3010045471
|r 2026-04-02
|t 19
|v 3460.00
|w 2026-04-02
|y BK
|x Requisitioned by Muhammad Lutfor Rahman (Assistant Professor, Department of Mathematics and Natural Sciences, BRAC University) for the course named- Principles of Physics I ‘’(PHY111)’’, Principles of Physics II ‘’(PHY112)’’
|
| 952 |
|
|
|0 0
|1 0
|2 ddc
|4 0
|6 530_000000000000000_WAL
|7 0
|9 78890
|a BRACUL
|b BRACUL
|c GEN
|d 2026-04-02
|e Books Paradise
|g 1730.00
|l 0
|o 530 WAL
|p 3010045459
|r 2026-04-02
|t 7
|v 3460.00
|w 2026-04-02
|y BK
|x Requisitioned by Muhammad Lutfor Rahman (Assistant Professor, Department of Mathematics and Natural Sciences, BRAC University) for the course named- Principles of Physics I ‘’(PHY111)’’, Principles of Physics II ‘’(PHY112)’’
|
| 952 |
|
|
|0 0
|1 0
|2 ddc
|4 0
|6 530_000000000000000_WAL
|7 0
|9 78891
|a BRACUL
|b BRACUL
|c GEN
|d 2026-04-02
|e Books Paradise
|g 1730.00
|l 1
|m 2
|o 530 WAL
|p 3010045462
|r 2026-05-11
|s 2026-04-27
|t 10
|v 3460.00
|w 2026-04-02
|y BK
|x Requisitioned by Muhammad Lutfor Rahman (Assistant Professor, Department of Mathematics and Natural Sciences, BRAC University) for the course named- Principles of Physics I ‘’(PHY111)’’, Principles of Physics II ‘’(PHY112)’’
|
| 952 |
|
|
|0 0
|1 0
|2 ddc
|4 0
|6 530_000000000000000_WAL
|7 0
|9 78892
|a BRACUL
|b BRACUL
|c GEN
|d 2026-04-02
|e Books Paradise
|g 1730.00
|l 0
|o 530 WAL
|p 3010045461
|r 2026-04-02
|t 9
|v 3460.00
|w 2026-04-02
|y BK
|x Requisitioned by Muhammad Lutfor Rahman (Assistant Professor, Department of Mathematics and Natural Sciences, BRAC University) for the course named- Principles of Physics I ‘’(PHY111)’’, Principles of Physics II ‘’(PHY112)’’
|
| 952 |
|
|
|0 0
|1 0
|2 ddc
|4 0
|6 530_000000000000000_WAL
|7 0
|9 78893
|a BRACUL
|b BRACUL
|c GEN
|d 2026-04-02
|e Books Paradise
|g 1730.00
|l 1
|m 3
|o 530 WAL
|p 3010045465
|r 2026-05-17
|s 2026-04-27
|t 13
|v 3460.00
|w 2026-04-02
|y BK
|x Requisitioned by Muhammad Lutfor Rahman (Assistant Professor, Department of Mathematics and Natural Sciences, BRAC University) for the course named- Principles of Physics I ‘’(PHY111)’’, Principles of Physics II ‘’(PHY112)’’
|
| 952 |
|
|
|0 0
|1 0
|2 ddc
|4 0
|6 530_000000000000000_WAL
|7 0
|9 78894
|a BRACUL
|b BRACUL
|c CIR
|d 2026-04-02
|e Books Paradise
|g 1730.00
|l 0
|o 530 WAL
|p 3010045458
|r 2026-04-02
|t 6
|v 3460.00
|w 2026-04-02
|y 1HOUR
|x Requisitioned by Muhammad Lutfor Rahman (Assistant Professor, Department of Mathematics and Natural Sciences, BRAC University) for the course named- Principles of Physics I ‘’(PHY111)’’, Principles of Physics II ‘’(PHY112)’; As instructed by the University Librarian, the book has been placed on a one hour loan period following the receipt of ten copies.’
|